Multivariate analysis of ecological data using CANOCo

Bibliographic Details
Other Authors: Smilauer, Petr
Format: Book
Published: London : Cambridge University Press , 2003
Subjects:

MARC

LEADER 00000cam a2200000 7i4500
001 0000004113
005 20180323.0
020 0 0 |a 0521891086 
090 0 0 |a 577.0727   |b Jan 2003 
245 0 0 |a Multivariate analysis of ecological data using CANOCo   |c Jan Leps & Petr Smilauer 
260 0 0 |a London :   |b Cambridge University Press ,   |c 2003 
300 |a xi. 269 p. :   |b ill. ;   |c 25 cm. 
650 0 0 |a Ecology---statistical methods 
650 0 0 |a Multivariante analysis 
700 0 1 |a Smilauer, Petr 
999 |a 00007983   |b Monograph   |c Open Shelf   |e Default branch